000 00492nam a2200169Ia 4500
999 _c969
_d969
003 OSt
005 20210119155651.0
008 190216s9999||||xx |||||||||||||| ||und||
040 _coclc
082 _a492.7
_bJAR/N
100 _aJarim, Ali Al
_98301
245 0 _aNahv Al Walih Vol -2 /
_cAli Al Jarim ; Musthafa Ameen
260 _bTirurangadi Book Stall,
_aTirurangadi:
_c2001.
300 _a249p
650 _aArabic
942 _cBK
_2ddc
_h492.7
_iJAR/N
_k492.7
_mJAR/N